| 000 | 00000nam##2200000za#4500 |
| 001 | 9.601138 |
| 003 | CaOODSP |
| 005 | 20210624205927 |
| 007 | cr ||||||||||| |
| 008 | 150406|2005||||xxc|||||o f|0| 0 fre|d |
| 022 | |a1717-7006 |
| 040 | |aCaOODSP|bfre |
| 043 | |an-cn--- |
| 086 | 1 |aFo123-1/105F-PDF |
| 110 | 1 |aCanada.|bRessources naturelles Canada. |bService canadien des forêts. |
| 245 | 13|aLe projet de base de données sur les sites de recherche en Ontario / |h[ressource électronique]|c[par] Lisa Verkley, Dan McKenney and Guy Smith. |
| 260 | |aSault Ste. Marie - Ontario : |bRessources naturelles Canada. |cc2005. |
| 300 | |a4p.|bcarte en couleur, figure, tableaux |
| 490 | 1 |aFrontline, applications de recherche en foresterie. Note technique|x1717-7006|vN° 105 |
| 590 | |a12-28-Supp|b2012-06-15 |
| 720 | 1 |aMcKenney, Dan |
| 720 | 1 |aVerkley, Lisa |
| 720 | 1 |aSmith, Guy |
| 775 | 08|tThe Ontario Research Sites Database Project / |w(CaOODSP)9.559410 |
| 830 | #0|aFrontline, applications de recherche en foresterie. Note technique,|x1717-7006|vN° 105|w(CaOODSP)9.501401 |
| 856 | 40|ahttp://publications.gc.ca|qPDF|s597 Ko|uhttps://publications.gc.ca/collections/collection_2011/rncan-nrcan/Fo123-1-105-fra.pdf|yN° 105 |